| Registos Bibliográficos associados ao registo de autoridade |
|
Etiqueta de registo: 00254nam 2200025 450 001 2288746 003 http://id.bnportugal.gov.pt/bib/catbnp/2288746 100 ## $a20260624d2026 k y0pory01030103ba 101 0# $aeng$dpor 102 ## $aPT 105 ## $aa m 000yy 106 ## $ar 200 1# $aEnvisioning diagrammatic practices within the Arabic medieval manuscript tradition$e the circle of justice in the Sirr al-AsrÅar$fMichel Kabalan$gorient. José Francisco Preto Meirinhos 210 #9 $aPorto$c[s.n.],$d2026 215 ## $a348 p.$cil.$d30 cm 328 #1 $aTese dout. Filosofia, Faculdade de Letras, Universidade do Porto, 2026 700 #1 $aKabalan,$bMichel$32001601 702 #1 $aMeirinhos,$bJosé Francisco,$f1960-$4727$3890160 801 #0 $aPT$bBN$gRPC 966 ## $lBN$mFGMON$x1 971 ## $cssilva$d20260624
|
|
|